MLB Opening Day Starting Pitchers 2026 - Statistics

General Stats
  • This quiz has been taken 166 times
  • The average score is 20 of 30
Answer Stats
Hint Answer % Correct
Pirates Paul Skenes
93%
Tigers Tarik Skubal
91%
Red Sox Garrett Crochet
87%
Dodgers Yoshinobu Yamamoto
84%
Giants Logan Webb
82%
Yankees Max Fried
80%
Phillies Cristopher Sánchez
77%
Mets Freddy Peralta
77%
Blue Jays Kevin Gausman
77%
Astros Hunter Brown
76%
Braves Chris Sale
74%
Marlins Sandy Alcantara
73%
Diamondbacks Zac Gallen
73%
Mariners Logan Gilbert
72%
Athletics Luis Severino
70%
Royals Cole Ragans
68%
Twins Joe Ryan
67%
Rangers Nathan Eovaldi
67%
Reds Andrew Abbott
59%
Padres Nick Pivetta
59%
White Sox Shane Smith
59%
Cubs Matthew Boyd
58%
Guardians Tanner Bibee
55%
Rockies Kyle Freeland
53%
Brewers Jacob Misiorowski
52%
Orioles Trevor Rodgers
51%
Rays Drew Rasmussen
42%
Angels José Soriano
39%
Cardinals Matthew Liberatore
32%
Nationals Cade Cavalli
31%
No matching quizzes found
Score Distribution
Percent of People with Each Score
Percentile by Number Answered
Your Score History
You have not taken this quiz